000 00701cam a2200253 4500500
005 20260405003623.0
041 _afre
042 _adc
100 1 0 _aMorisson, Batiste
_eauthor
245 0 0 _aPourquoi aimons-nous partager un repas ?
260 _c2022.
500 _a30
690 _aBourdieu
690 _aDavid Hume
690 _aElias Canetti
690 _aGoût
690 _aNourriture
690 _aPartage
690 _aRelations
690 _aRepas
690 _aValeurs
786 0 _nPhilosophie magazine | 165 | 12 | 2022-12-01 | p. 49-49 | 1951-1787
856 4 1 _uhttps://shs.cairn.info/magazine-philosophie-magazine-2022-12-page-49?lang=fr&redirect-ssocas=7080
999 _c2069337
_d2069337